| 000 | 00575nam a2200205 a 4500 | ||
|---|---|---|---|
| 005 | 20210223123636.0 | ||
| 008 | 991125s1978 bar 000 0 spa u | ||
| 020 | _a8473670817 | ||
| 035 | _aUPN01000057488 | ||
| 049 | _aCG | ||
| 050 | 4 |
_aHX11 I5 _bN6.78 |
|
| 100 | 1 | _aNovack, George Edward | |
| 245 | 1 | 4 |
_aLas tres primeras internacionales / _cGeorge Novack, Dave Frankel. |
| 260 |
_aBarcelona, Esp. : _bFontamara, _c1978 |
||
| 300 | _a208 p. | ||
| 440 | 0 | _aArgumentos | |
| 610 | 2 | 4 |
_aINTERNACIONAL COMUNISTA _924820 |
| 700 | 1 |
_aFrankel, Dave, _ecoaut. |
|
| 905 | _aLibro | ||
| 999 |
_c57488 _d57488 |
||